000 00786nam a2200241 i 4500
001 171032
003 ES-MaACL
005 20250823100855.0
008 090422s1936 sp g |||| | spa d
080 _a781.68
100 1 _aRiemann, Hugo.
_997092
245 1 0 _aFraseo musical /
_cHugo Riemann.
250 _a2ª ed.
_bcompletamente rev. por Otto Mayer.
260 _aBarcelona :
_bLabor,
_c1936.
300 _a168 p. :
_bmús. ;
_c19 cm.
490 1 _aColección Labor. Sección V, Música ;
_v162
500 _aÍndice.
650 0 4 _aMúsica-
_xInterpretación
_915392
700 0 _aMayer, Otto.
_979361
830 0 0 _aColección Labor.
_pMúsica
_v162
_9188907
852 _aES-MaACL
_jE-12598
_z. - Biblioteca Jacinto Martínez Lacalle
999 _c171032
_d171032